1 Corinthians : (Record no. 4388)
[ view plain ]
| 000 -LEADER | |
|---|---|
| fixed length control field | 00801cam a2200241 i 4500 |
| 001 - CONTROL NUMBER | |
| control field | 3210925 |
| 003 - CONTROL NUMBER IDENTIFIER | |
| control field | GBCCL |
| 005 - DATE AND TIME OF LATEST TRANSACTION | |
| control field | 20241126110517.0 |
| 008 - FIXED-LENGTH DATA ELEMENTS--GENERAL INFORMATION | |
| fixed length control field | 790104s1979 ilu 000 0 eng |
| 010 ## - | |
| -- | 78032016 |
| 020 ## - INTERNATIONAL STANDARD BOOK NUMBER | |
| International Standard Book Number | 0802426360 : |
| Terms of availability | $1.95 |
| 040 ## - CATALOGING SOURCE | |
| Original cataloging agency | DLC |
| Transcribing agency | DLC |
| Modifying agency | DLC |
| 050 10 - | |
| -- | BS2675.5 |
| -- | .B87 |
| 082 00 - DEWEY DECIMAL CLASSIFICATION NUMBER | |
| Classification number | 227.206 |
| Edition information | 19 |
| Item number | BUR |
| 100 1# - MAIN ENTRY--PERSONAL NAME | |
| Personal name | Burnham, David, |
| Dates associated with a name | 1934- |
| 9 (RLIN) | 8237 |
| 245 00 - TITLE STATEMENT | |
| Title | 1 Corinthians : |
| Remainder of title | the church confronts reality : a discussion guide for home Bible study / |
| Statement of responsibility, etc. | by David Burnham and Sue Burnham. |
| 260 ## - PUBLICATION, DISTRIBUTION, ETC. | |
| Place of publication, distribution, etc. | Chicago : |
| Name of publisher, distributor, etc. | Moody Press, |
| Date of publication, distribution, etc. | c1979. |
| 300 ## - PHYSICAL DESCRIPTION | |
| Extent | 74 p. ; |
| Dimensions | 22 cm. |
| 630 00 - SUBJECT ADDED ENTRY--UNIFORM TITLE | |
| Uniform title | Bible. |
| Name of part/section of a work | Corinthians, 1st |
| General subdivision | Study and teaching. |
| 9 (RLIN) | 8238 |
| 700 1# - ADDED ENTRY--PERSONAL NAME | |
| Personal name | Burnham, Sue, |
| Relator term | joint author. |
| 9 (RLIN) | 8239 |
| 906 ## - LOCAL DATA ELEMENT F, LDF (RLIN) | |
| a | 7 |
| b | cbc |
| c | orignew |
| d | 1 |
| e | ocip |
| f | 19 |
| g | y-gencatlg |
| 942 ## - ADDED ENTRY ELEMENTS (KOHA) | |
| Source of classification or shelving scheme | Dewey Decimal Classification |
| Koha item type | Books |
| Koha issues (borrowed), all copies | 3 |
| Withdrawn status | Lost status | Source of classification or shelving scheme | Damaged status | Not for loan | Home library | Current Library | Shelving location | Date acquired | Total checkouts | Full call number | Barcode | Date last seen | Date last checked out | Copy number | Price effective from | Koha item type |
|---|---|---|---|---|---|---|---|---|---|---|---|---|---|---|---|---|
| Dewey Decimal Classification | GRACE BIBLE COLLEGE | GRACE BIBLE COLLEGE | Biblical Studies | 2018-01-19 | 5 | 227.206 BUR | 004138 | 2025-09-10 | 2025-09-04 | c.1 | 2018-01-19 | Books |